00451nam a22001571a 45000010005000000030004000050050017000090080041000260500022000671000033000892450059001222640030001813000010002114900039002216500033002605783OSt20260204212028.0060210s1975||||dr ||||||b||||||||||spa|| aRD 972.9358 R618n aRodríguez Demorizi, Emilio aNoticias de Puerto Plata / Emilio Rodríguez Demorizi aSanto Domingo : Educativa a260 p aSociedad Dominicana de Geografía a1.Historia - Puerto PlataÌ